00755nam a2200217Ii 45000010005000000030009000050080041000140400033000550410008000880820014000961000034001102450034001442640059001783000012002373360026002493370028002753380027003039400050003309990017003809520140003973737CO-ViMGA241108s9999||||xx |||||||||||||| ||und|| aCO-ViMGAbspaerdacCO-ViMGA0 aunk04aD342-M4531 aCarlos Mejía Gómez95387410aTeoría de la constitución 1a[Lugar de publicación no identificado] : Temis, 1967 avolumen atextbtxt2rdacontent aunmediatedbn2rdamedia avolumebnc2rdacarrier aidficha_siabuc: 3648. -- ficha_no_siabuc:3737 c50664d50664 001040708001aMEVIGERRbMEVIGERRcGENd2006-11-27hVol.1oD342-M453pECA2335r2024-11-26 10:02:07tEj.1w2024-11-26yBKz3648 | 5372